|
|
|
|
| LEADER |
00000nab a2200000 a 4500 |
| 001 |
vtls000882902 |
| 003 |
SK-MaSNL |
| 005 |
20260304171820.0 |
| 008 |
250429c2004 xo 0 slo |
| 015 |
|
|
|a SNBRB2004/09-26023
|
| 035 |
|
|
|a CLN000234387
|
| 035 |
|
|
|a urn:nbn:sk:snk-ab6x7y
|
| 035 |
|
|
|a (uuid)96366636-f13f-4f7d-bc5a-e8ef0edff6c3
|
| 035 |
|
|
|a (urnnbn)urn:nbn:sk:snk:ar-a064mi
|
| 035 |
|
|
|a (sysno)vtls000882902
|
| 040 |
|
|
|a SNKBUCL
|b slo
|c SNKBUCL
|e AACR2
|
| 041 |
0 |
|
|a slo
|
| 044 |
|
|
|a xo
|c SK
|
| 080 |
|
|
|a 616.133.2-089
|2 1997
|
| 245 |
0 |
0 |
|a Embolizácia v povodí a. carotis externa - význam, komplikácie
|c J. Javorka ... [et al.]
|
| 246 |
1 |
1 |
|a Embolisation in the region of the base of the scull and neck
|
| 300 |
|
|
|b Obr.
|
| 504 |
|
|
|a Res. angl., slov.
|
| 504 |
|
|
|a Bibliogr. odkazy
|
| 650 |
0 |
7 |
|a arteria carotis externa
|x chirurgia
|2 MESH
|9 1500656
|
| 650 |
0 |
7 |
|a embolizácia terapeutická
|x účinky nežiadúce
|x metódy
|x využitie
|2 MESH
|9 1500657
|
| 650 |
0 |
7 |
|a komplikácie pooperačné
|x klasifikácia
|2 MESH
|9 858586
|
| 650 |
0 |
7 |
|a výkony chirurgické na cievach
|x účinky nežiadúce
|x metódy
|x využitie
|2 MESH
|9 1500658
|
| 650 |
0 |
7 |
|a anestézia
|2 MESH
|9 14352
|
| 650 |
0 |
7 |
|a komplikácie peroperačné
|x klasifikácia
|2 MESH
|9 858587
|
| 655 |
|
7 |
|a články z novín a časopisov
|2 snkbucl
|9 267496
|
| 700 |
1 |
|
|a Bilický, Jozef
|4 aut
|9 7921
|
| 700 |
1 |
|
|a Javorka, J.
|4 aut
|9 798143
|
| 700 |
1 |
|
|a Profant, Milan,
|d 1952-
|4 aut
|9 135154
|
| 700 |
1 |
|
|a Lutter, Ivan,
|d 1953-
|4 aut
|9 200330
|
| 773 |
0 |
|
|t Slovenská rádiológia
|g Roč. 11, č. 1 (2004), s. 38-41
|x 1335-0625
|
| 850 |
|
|
|a Slovenská národná knižnica
|
| 852 |
|
|
|a Slovenská národná knižnica
|
| 954 |
|
|
|a odborná, vedecká literatúra pôvodná (slovenská)
|2 lita
|
| 958 |
|
|
|a article27
|
| 958 |
|
|
|a MI
|
| 958 |
|
|
|a NB
|
| 958 |
|
|
|a OND
|
| 958 |
|
|
|a EUIPO
|
| 992 |
|
|
|a RBX
|
| 999 |
|
|
|c 2995183
|d 2997113
|